TV 'Round the Table Quiz Stats

Quiz Updated Aug 4, 2015

Challenge
Share
Tweet
Score 0/16 Timer 05:00
7 Plays Today
% Correct
Friends
98.6%
Family Guy
97.9%
SpongeBob SquarePants
96.7%
The Fresh Prince of Bel-Air
93.2%
Everybody Loves Raymond
90.5%
The Golden Girls
88.9%
That 70's Show
83.6%
Full House
83.5%
% Correct
The Brady Bunch
78.6%
Modern Family
78.2%
Downton Abbey
77.2%
Gilligan's Island
76.7%
Game of Thrones
76.6%
Breaking Bad
69.2%
Leave It to Beaver
67.6%
The Jeffersons
64%

You're not logged in!

Compare scores with friends on all Sporcle quizzes.
Sign Up with Email
OR
Log In

You Might Also Like...

Show Comments

Extras

Top Quizzes Today


Score Distribution

Your Account Isn't Verified!

In order to create a playlist on Sporcle, you need to verify the email address you used during registration. Go to your Sporcle Settings to finish the process.